Normal view
MARC view
- Schumann, Andreas H
Entry Personal Name
001 - CONTROL NUMBER
- control field: 36377
003 - CONTROL NUMBER IDENTIFIER
- control field: NUST
005 - DATE AND TIME OF LATEST TRANSACTION
- control field: 20210314130012.0
008 - FIXED-LENGTH DATA ELEMENTS
- fixed length control field: 210314|| aca||aabn | a|a d
040 ## - CATALOGING SOURCE
- Original cataloging agency: NUST
- Transcribing agency: NUST
100 ## - HEADING--PERSONAL NAME
- Personal name: Schumann, Andreas H
670 ## - SOURCE DATA FOUND
- Source citation: Work cat.: (NUST): Schumann, Andreas H., Flood Risk Assessment and Management, Jan. 2011
